Physical and chemical methods of separation

Bibliographic Details
Main Author: Berg, Eugene W.
Format: Section = Libro
Language:Undetermined
Spanish
Published: London McGraw-Hill 1963
Subjects:
LEADER 00468nam a2200181Ia 4500
008 240830s9999 xx 000 0 und d
040 |a CEDOC FIQ-RUSB / 539 S825 
041 |a spa 
082 |a 539 S825 
100 1 |a Berg, Eugene W. 
245 1 0 |a Physical and chemical methods of separation 
260 |a London  |b McGraw-Hill  |c 1963 
300 |a 366 p.: il. 
650 7 |a FISICOQUIMICA 
650 7 |b  CROMATOGRAFÍA EN PAPEL 
942 |c BK  |2 ddc 
991 |a TEXTO 
999 |c 13357